[Event "Nettetal Chessgate op"]
[Site "Nettetal"]
[Date "2004.08.15"]
[Round "9"]
[White "Karl, Sascha"]
[Black "Harms, Friedhelm"]
[Result "1-0"]
[WhiteElo "1981"]
[BlackElo "1605"]
[PlyCount "43"]
[EventDate "2004.08.07"]
[EventType "swiss"]
[EventRounds "9"]
[EventCountry "GER"]
[SourceTitle "EXT 2006"]
[Source "ChessBase"]
[SourceDate "2005.11.24"]
[SourceVersion "1"]
[SourceVersionDate "2005.11.24"]
[SourceQuality "1"]

1. e4 c5 2. Nf3 Nc6 3. d4 cxd4 4. Nxd4 Nf6 5. Nc3 e5 6. Ndb5 d6 7. a4 a6 8. Na3 Be6 9. Bg5 Be7 10. Bxf6 Bxf6 11. Nc4 Be7 12. Be2 Nd4 13. 0-0 Rc8 14. Ne3 0-0 15. Bd3 f5 16. exf5 Nxf5 17. Nxf5 d5 18. Qg4 Bxf5 19. Bxf5 Rc4 20. Be6+ Kh8 21. Qe2 Qb6 22. Nxd5 1-0

[Event "Nettetal Chessgate op"]
[Site "Nettetal"]
[Date "2004.08.10"]
[Round "4"]
[White "Karl, Sascha"]
[Black "Nowik, Volker"]
[Result "0-1"]
[WhiteElo "1981"]
[BlackElo "2093"]
[PlyCount "64"]
[EventDate "2004.08.07"]
[EventType "swiss"]
[EventRounds "9"]
[EventCountry "GER"]
[SourceTitle "EXT 2006"]
[Source "ChessBase"]
[SourceDate "2005.11.24"]
[SourceVersion "1"]
[SourceVersionDate "2005.11.24"]
[SourceQuality "1"]

1. d4 d6 2. e4 g6 3. Nc3 Bg7 4. f4 Nf6 5. Nf3 0-0 6. Bd3 Na6 7. 0-0 c5 8. dxc5 Nxc5 9. Qe1 b5 10. Bxb5 Ncxe4 11. Bd3 Nxc3 12. bxc3 Nd5 13. Rb1 Nxc3 14. Rb3 Na4 15. f5 Nc5 16. fxg6 fxg6 17. Rb4 Nxd3 18. cxd3 a5 19. Rh4 e5 20. Ng5 h6 21. Qe4 Rxf1+ 22. Kxf1 hxg5 23. Qd5+ Kf8 24. Rc4 Ra7 25. Bxg5 Qd7 26. Rc2 Qe6 27. Qc6 Rf7+ 28. Kg1 Bb7 29. Qb6 Kg8 30. Qd8+ Kh7 31. Rc4 e4 32. Qxa5 Qxc4 0-1

[Event "Nettetal Chessgate op"]
[Site "Nettetal"]
[Date "2004.08.09"]
[Round "3"]
[White "Karl, Sascha"]
[Black "Runkel, Hans Joachim"]
[Result "1-0"]
[WhiteElo "1981"]
[BlackElo "1677"]
[PlyCount "73"]
[EventDate "2004.08.07"]
[EventType "swiss"]
[EventRounds "9"]
[EventCountry "GER"]
[SourceTitle "EXT 2006"]
[Source "ChessBase"]
[SourceDate "2005.11.24"]
[SourceVersion "1"]
[SourceVersionDate "2005.11.24"]
[SourceQuality "1"]

1. e4 e5 2. Nf3 d6 3. d4 Nd7 4. Bc4 h6 5. Nc3 c6 6. a4 a5 7. 0-0 Qc7 8. Qe2 Ne7 9. Be3 Ng6 10. dxe5 dxe5 11. Rad1 Nf6 12. h3 Bd6 13. Nh2 0-0 14. Rfe1 Qe7 15. Nf1 Bc5 16. Ng3 Bxe3 17. Qxe3 Qb4 18. Bb3 Nf4 19. Nf5 Ra6 20. Na2 Qb6 21. Ne7+ Kh7 22. Nxc8 Rxc8 23. Bc4 Qxb2 24. Bxa6 Qxa2 25. Bxb7 Rb8 26. Qa7 Rxb7 27. Qxb7 Qxc2 28. Qxf7 h5 29. Rd6 Kh8 30. Rd8+ Kh7 31. Rd6 Qc3 32. Re3 Qc1+ 33. Kh2 Qf1 34. Rg3 Ng4+ 35. hxg4 h4 36. Qf5+ g6 37. Rd7+ 1-0